Implementación de un sistema para prueba de control de un páncreas artificial
Wedi'i Gadw mewn:
| Prif Awdur: | |
|---|---|
| Awduron Eraill: | |
| Fformat: | Llyfr |
| Iaith: | Spanish |
| Cyhoeddwyd: |
[San José], Costa Rica
2021
|
| Pynciau: | |
| Mynediad Ar-lein: | https://cedi.ucr.ac.cr/electrica/implementacion-de-un-sistema-para-prueba-de-control-de-una-pancreas-artificial/ |
| Tagiau: |
Ychwanegu Tag
Dim Tagiau, Byddwch y cyntaf i dagio'r cofnod hwn!
|
MARC
| LEADER | 00000nam a2200000Ia 4500 | ||
|---|---|---|---|
| 003 | 013307 | ||
| 005 | 20230509144859.0 | ||
| 008 | 140114s2021 cr a 000 ||spa d | ||
| 040 | |c cru CEDI | ||
| 100 | |a Porras Cordero, David Ricardo, 1994- |9 364 | ||
| 245 | |a Implementación de un sistema para prueba de control de un páncreas artificial | ||
| 260 | |a [San José], Costa Rica |c 2021 | ||
| 500 | |a Trabajo final de graduación (licenciatura en ingeniería eléctrica)--Universidad de Costa Rica. Facultad de Ingeniería. Escuela de Ingeniería Eléctrica | ||
| 501 | |a Director de Trabajo de Graduación: Ing. José David Rojas Fernández, Ph.D. | ||
| 650 | |x GLUCOSA |x INSULINA |x PÁNCREAS ARTIFICIAL |x PÁNCREAS ARTIFICIAL - SIMULACION POR COMPUTADORA |x PÁNCREAS ARTIFICIAL - CONTROL AUTOMATICO |x PÁNCREAS ARTIFICIAL - MODELOS MATEMATICOS | ||
| 700 | |9 365 |a Rojas Fernández, José David, 1984- |d Director del TFG | ||
| 856 | |u https://cedi.ucr.ac.cr/electrica/implementacion-de-un-sistema-para-prueba-de-control-de-una-pancreas-artificial/ |y https://cedi.ucr.ac.cr/electrica/implementacion-de-un-sistema-para-prueba-de-control-de-una-pancreas-artificial/ | ||
| 942 | |c CEDI |h TFG 8458 |2 ddc |6 TFG_8458_000000000000000 | ||
| 999 | |c 12856 |d 12856 | ||
